000 00975cam a2200289 a 4500
001 462
005 20250311100825.0
020 _a0803723865 (trade)
020 _a9780142403877
040 _aDLC
_cDLC
_dDLC
_dFISKH
_beng
050 0 0 _aPZ8.3.D7235
_bGr 1999
082 0 0 _a970.01
_221
100 1 _aDonaldson, Julia.
245 1 4 _aThe Gruffalo /
_cJulia Donaldson ; pictures by Axel Scheffler.
260 _aNew York :
_bPuffin Book,
_c1999.
300 _a32 unnumbered pages :
_bcolor illustrations ;
_c27 cm
505 _aH
520 _aA clever mouse uses the threat of a terrifying creature to keep from being eaten by a fox, an owl, and a snake--only to have to outwit that creature as well.
521 _a510
_bLexile AD
521 _aH
_bRaz-Plus
650 1 _aMice
_xFiction.
650 1 _aAnimals
_xFiction.
650 1 _aStories in rhyme.
700 1 _aScheffler, Axel,
_eill.
906 _a7
_bcbc
_corignew
_d1
_eocip
_f19
_gy-gencatlg
942 _2ddc
_cBK
_n0
999 _c462
_d462